| 000 | 01184cam a22002771i 4500 | ||
|---|---|---|---|
| 003 | SA-RiAUC | ||
| 005 | 20250112073952.0 | ||
| 008 | 250108s2012____su g 000 0bara c | ||
| 020 | _a9786039026716 | ||
| 040 |
_aSA-RiKAPL _bara _cSA-RiAUC _erda |
||
| 082 | 0 | 4 |
_a239 _qSA-RiAUC |
| 090 |
_a239 _bط ر ي |
||
| 100 | 1 |
_aالطريري، عبد الوهاب ناصر _eمؤلف. |
|
| 245 | 1 | 2 |
_aاليوم النبوي : _bبرنامج اليوم الكامل في حياة النبي صلى الله عليه وسلم / _cعبد الوهاب بن ناصر الطريري. |
| 250 | _aالطبعة الأولى. | ||
| 264 | 1 |
_aالرياض : _bمؤسسة الإسلام اليوم للنشر، _c2012 |
|
| 300 |
_a198 صفحة ؛ _c24 سم |
||
| 336 |
_aنص _btxt _2rdacontent _3كتاب |
||
| 337 |
_aبدون وسيط _bn _2rdamedia |
||
| 338 |
_aمجلد _bnc _2rdacarrier |
||
| 500 | _aاهداء من المؤلف عبدالوهاب الطريري | ||
| 600 | 0 | 7 |
_aمحمد (صلى الله عليه وسلم)، _d53 قبل الهجرة-11 هجري _2aucnm |
| 650 | 7 |
_aالسيرة النبوية _2aucsh |
|
| 942 |
_2ddc _cBOOK _n0 |
||
| 949 |
_aSA-JeALM _d250108 _umohamedma123 _n1 |
||
| 999 |
_c4625 _d4625 |
||